000 00877nam a2200205 i 4500
001 73303
003 ES-MaACL
005 20240511063023.0
007 t|
008 040928q1908 sp ||||1| spa d
100 1 _aGómez Ocaña, José,
_d1860-1919
_958079
245 1 0 _aDatos para el estudio del peristaltismo intestinal /
_cpor José Gómez Ocaña, memoria leida en la sesión del 23 de octubre de 1908.
260 _aMadrid :
_b[s.n.,
_c1908?] (
_fImpr. de Eduardo Arias)
300 _a6 p., 7 lám. ;
_c24 cm.
500 _aEs tirada aparte del Congreso de Zaragoza de la Asociación Española para el Progreso de las Ciencias.
650 4 _aMotilidad gastrointestinal.
_9151735
710 2 _aAsociación Española para el Progreso de las Ciencias.
_bCongreso (
_n1º.
_d1908.
_cZaragoza)
_91691
852 _aES-MaACL
_jT-1249-F-16
999 _c73303
_d73303